000
00243nam a2200097Ia 4500
001
711701
005
20250826162813.0
008
250824s9999 xx 000 0 und d
245
0
_a
SİNEKLİ BAKKAL
_c
HALİDE EDİP ADIVAR
260
_b
CAN YAYINLARI
999
_c
711701
_d
711701